| 000 | 00851cam a2200265 i 4500 | ||
|---|---|---|---|
| 999 |
_c200419392 _d33316 |
||
| 001 | 200419392 | ||
| 003 | TR-AnTOB | ||
| 005 | 20191219113220.0 | ||
| 008 | 140425s2011000 0 a tu tur | ||
| 040 |
_aTR-AnTOB _beng _erda _cTR-AnTOB |
||
| 041 | 0 | _atur | |
| 050 | 1 | 4 |
_aPL248 _b.K6333 2011 |
| 090 |
_aPL234 _b.K6333 2011 |
||
| 245 | 0 |
_aKöroğlu _bAltınçağın incisi = The pearl of the golden age / _cTÜRSOY. |
|
| 264 |
_aAnkara : _bUluslararası Türk Kültürü Teşkilatı , _c2011. |
||
| 300 |
_a144sayfa _bşekl. _c24 cm. |
||
| 336 |
_atext _2rdacontent _btxt |
||
| 337 |
_aunmediated _2rdamedia _bn |
||
| 338 |
_avolume _2rdacarrier _bnc |
||
| 600 | 0 | 0 |
_9119999 _aKöroğlu, _dactive 16th century |
| 650 | 7 |
_aFolklor _zTürkiye _915157 |
|
| 710 |
_aUluslararası Türk Kültürü Teşkilatı _999416 |
||
| 942 |
_cBK _2lcc |
||